000 00675nam a2200241 i 4500
001 79273
003 ES-MaACL
005 20230906173937.0
007 t|
008 041020s1971 sp ||||1| spa d
080 _a524.8
100 1 _aHennig, Richard.
_962561
245 1 0 _aGrandes enigmas del universo /
_cRichard Henning ; [traducción de Ángel Sabrido].
250 _a1ª ed.
260 _a[Barcelona] :
_bPlaza y Janés,
_c1971.
300 _a400 p. :
_bil. ;
_c22 cm.
490 1 _aOtros mundos
650 4 _aUniverso.
_917690
700 1 _aSabrido, Ángel.
_9101219
830 1 _aOtros mundos
_9181412
852 _aES-MaACL
_jC-47446
999 _c79273
_d79273